Capital Inflows and Policy Responses in the Asean Region

Gespeichert in:
Bibliographische Detailangaben
1. Verfasser: Koenig, Linda M.
Format: Buch
Sprache:Englisch
Veröffentlicht: Washington International Monetary Fund 1996
Ausgabe:1. ed.
Schriftenreihe:IMF Working Paper 25
Schlagworte:
Tags: Tag hinzufügen
Keine Tags, Fügen Sie das erste Tag hinzu!

MARC

LEADER 00000nam a2200000 4500
001 c017401
005 20221205125022.4
041 0 |a eng 
044 |a US 
245 1 0 |a Capital Inflows and Policy Responses in the Asean Region  |c Linda M. Koenig 
250 |a 1. ed. 
264 1 |a Washington  |b International Monetary Fund  |c 1996 
300 |a 50 s. 
490 1 |a IMF Working Paper  |v 25 
830 0 |a IMF Working Paper  |v 25 
610 2 0 |a kapitál 
610 2 0 |a kapitál zahraničný 
610 2 0 |a poistenie 
610 2 0 |a poistenie záujmov zahraničných 
610 2 0 |a Ázia 
610 2 0 |a investície 
610 2 0 |a pohyb kapitálu 
610 2 0 |a politika fiškálna 
610 2 0 |a politika peňažná 
610 2 0 |a bilancia finančná 
100 1 |a Koenig, Linda M.